000 00586nam a2200205Ia 4500
003 OSt
005 20230426144454.0
008 210423s2010 xx 000 0 und d
020 _a9780521746434
040 _cAL
041 _aeng
082 _a821.7 WORC
_223
100 _aWORTHEN (John).
_993520
245 _aCambridge introduction to samuel taylor coleridge.
260 _aNew Delhi
_bCambridge University Press
_c2010
300 _axii,149
_bPB
365 _b1241.84
_cINR
906 _aCambridge ; coleridge. ; companion ; introduction ; samuel ; taylor
942 _2ddc
_cBK
999 _c161721
_d161721